|
|
|
|
| LEADER |
00000ntmaa2200000 a 4500 |
| 001 |
vtls011973234 |
| 003 |
SK-MaSNL |
| 005 |
20260301225717.0 |
| 008 |
251021s1851 xo || 000 p slo |
| 035 |
|
|
|a urn:nbn:sk:snk-tm00fi4s
|
| 035 |
|
|
|a urn:nbn:sk:snk-tm3n49w
|
| 035 |
|
|
|a 48918967-C63A-4B35-8816-7F1709F823C7
|
| 040 |
|
|
|a SNKLA
|b slo
|c SNKLA
|e AACR2
|
| 041 |
0 |
|
|a slo
|
| 044 |
|
|
|a xo
|c SK
|
| 072 |
|
7 |
|a 821.162.4-1
|x Slovenská poézia
|2 konspekt
|
| 080 |
|
|
|a 82-1(081.1)
|2 2011
|
| 080 |
|
|
|a 025.171
|2 2011
|
| 100 |
1 |
|
|a Grajchman, Jakub,
|d 1822-1897
|4 aut
|9 256462
|
| 245 |
1 |
0 |
|a Básňe pod Názvom Dúha u Kriváňa od Jakuba Graichmanna púvodňe zloženje r. 1851
|n Sväzok I.
|
| 260 |
|
|
|a [Liptovský Mikuláš?]
|c 1851
|
| 300 |
|
|
|a 322 strán
|b rukopis, viazaný
|c 22 cm
|
| 500 |
|
|
|a Rukopis má 3 zošity
|
| 520 |
2 |
|
|a Prvý zošit básní Dúha u Kriváňa zložený z viacerých básnických zbierok. Doplnený aj o básnické zbierky z druhého zväzku
|
| 555 |
0 |
|
|a VII. Inventár rukopisov Literárneho archívu MS. Fondy 1-30. Matica slovenská v Martine 1978
|
| 561 |
|
|
|a Okrúhla pečiatka: Literárny archív Matice slovenskej Martin
|
| 561 |
|
|
|a Okrúhla pečiatka: Matica slovenská Martin Literárny archív
|
| 655 |
|
7 |
|a slovenská poézia
|2 SNKPH
|9 70444
|
| 655 |
|
7 |
|a básnické zbierky
|2 SNKPH
|9 186372
|
| 655 |
|
7 |
|a rukopisy
|2 SNKPH
|9 70548
|
| 740 |
0 |
2 |
|a O vojňe
|
| 740 |
0 |
2 |
|a Okolo Váhu
|
| 740 |
0 |
2 |
|a U Sáli a pod Kriváňom
|
| 740 |
0 |
2 |
|a Dumki
|
| 740 |
0 |
2 |
|a Rozličnieho obsahu
|
| 740 |
0 |
2 |
|a Pod Jeseň a V Zime
|
| 740 |
0 |
2 |
|a Djoučata v poli
|
| 740 |
0 |
2 |
|a Príležitostnie
|
| 740 |
0 |
2 |
|a Povesťi
|
| 852 |
|
|
|a Slovenská národná knižnica
|b Literárny archív
|
| 958 |
|
|
|a OF
|
| 958 |
|
|
|a LAVD
|
| 999 |
|
|
|c 951949
|d 953879
|
| 952 |
|
|
|a SNKLA
|b SNKLA
|c SNKLA_DEP
|y NEVYP
|7 0
|p 17A1229480
|o snk28 B 2
|0 0
|1 0
|4 0
|d 2020-06-10
|f 1
|l 0
|r 2026-02-24 09:51:55
|w 2026-02-24
|